| 000 | 00436nam a2200169 a 4500 | ||
|---|---|---|---|
| 005 | 20140310183257.0 | ||
| 008 | 021107s19uu xx 00 eng d | ||
| 020 | _a0140620230 | ||
| 050 |
_aPR 4167 _b.B869 1994 |
||
| 100 | _aBronte, Charlotte | ||
| 245 |
_aShirley / _cCharlotte BrontE. |
||
| 260 |
_aEngland : _bPenguin Books Ltd, _c1994. |
||
| 300 |
_a666 p. : _c18 cm. |
||
| 650 | _aFiction | ||
| 942 |
_cBK _2lcc |
||
| 999 |
_c20894 _d20894 |
||